| 000 | 00822nam a22002417a 4500 | ||
|---|---|---|---|
| 999 |
_c1563 _d1563 |
||
| 003 | AR-CdUCM | ||
| 008 | 190227b ||||| |||| 00| 0 spa d | ||
| 040 |
_aMUNICIPALIDAD PROVINCIAL DEL CUSCO _cBIBLIOTECA MUNICIPAL DEL CUSCO |
||
| 082 |
_a869.56 / _bC525 |
||
| 100 |
_aChariarse, Leopoldo _95864 |
||
| 245 | _aLa cena en el jardin / | ||
| 260 |
_aLima : _bInstituto nacional de cultura, _c1975 |
||
| 300 |
_a197 paginas ; _c20cm. |
||
| 505 | _aContenido : La cena en el jardin -- Los sonetos de espoleto -- los rios de la noche | ||
| 650 |
_aObras ineditas _95865 |
||
| 650 |
_aPoesia Peruana _9280 |
||
| 650 |
_aLiteratura _983 |
||
| 650 |
_aLatinoamericana _95799 |
||
| 700 |
_aRamón Ribeyro, Juilo (prólogo) _95866 |
||
| 700 |
_aLópez Cano, Miguel _95798 |
||
| 942 |
_2ddc _cLIBROS |
||
| 945 |
_apjha _d2019-02-27 |
||